000 00464cam a2200169ua 4500
041 _aeng
_h
082 _a629.2
_bJUD/AU
100 _aJudge, Arthur W .
245 _aAutomobile engines in theory, design, construction, operation and testing /
_cArthur W Judge.
_hTextual Documents
250 _a6 /
_b.
260 _aMumbai :
_bAsia Publishing House ,
_c1962.
300 _a474 ; .
500 _a2578 Ref
504 _a
942 _cBK
999 _c6757
_d6757